书目信息 |
| 题名: |
植物纤维化学
|
|
| 作者: | ;天津大学 编 | |
| 分册: | ||
| 出版信息: | 北京 中国财政经济出版社 1961 |
|
| 页数: | 419页 | |
| 开本: | 21cm | |
| 丛书名: | ||
| 单 册: | ||
| 中图分类: | TS71 | |
| 科图分类: | ||
| 主题词: | 造纸--植物纤维--纤维化学--高等学校--教材 | |
| 电子资源: | ||
| ISBN: | 15166.026 | |
| 000 | 00690nam0 2200241 450 | |
| 001 | 0105478095 | |
| 005 | 20020928000000.0 | |
| 010 | @a15166.026@dCNY1.90 | |
| 091 | @a15166.026 | |
| 100 | @a19960610d1961 em y0chiy0110 ea | |
| 101 | 0 | @achi |
| 102 | @aCN@b110000 | |
| 105 | @af z 000yy | |
| 106 | @ar | |
| 200 | 1 | @a植物纤维化学@9Zhi Wu Xian;Qian Wei Hua Xue @f天津大学等编@b专著 |
| 210 | @a北京@c中国财政经济出版社@d1961 | |
| 215 | @a419页@c图,表@d21cm | |
| 300 | @a高等学校试用教材 | |
| 606 | 0 | @a造纸@x植物纤维@x纤维化学@x高等学校@x教材 |
| 690 | @aTS71@v3 | |
| 711 | 02 | @a天津大学@9tian jin da xue@4编 |
| 801 | 0 | @aCN@b上海图书馆@c19970403 |
| 905 | @aBZT@dTS71@e1@f3@sTS71/1 | |
| 植物纤维化学/天津大学等编.-北京:中国财政经济出版社,1961 |
| 419页:图,表;21cm |
| 高等学校试用教材 |
| ISBN 15166.026:CNY1.90 |
| ● |
| 相关链接 |
|
|
|
正题名:植物纤维化学
索取号:TS71/1
 
预约/预借
| 序号 | 登录号 | 条形码 | 馆藏地/架位号 | 状态 | 备注 |
| 1 | 2000110262 | 2000110262 | 旧书回溯/ [索取号:TS71/1] | 在馆 | |
| 2 | 2000110263 | 2000110263 | 旧书回溯/ [索取号:TS71/1] | 在馆 | |
| 3 | 2000110264 | 2000110264 | 旧书回溯/ [索取号:TS71/1] | 在馆 |